| 000 | 01307nam a22002537a 4500 | ||
|---|---|---|---|
| 001 | EIF-IX-2016-M5-003 | ||
| 003 | OSt | ||
| 005 | 20221228090202.0 | ||
| 008 | 221227b |||||||| |||| 00| 0 eng d | ||
| 040 |
_aFundación Jesús Pereda _cFundación Jesús Pereda |
||
| 041 | _aInglés | ||
| 100 |
_uCentre d’Història de la Ciència (CEHIC), Unitat d’Història de la Medicina, Facultat de Medicina, Universitat Autònoma de Barcelona _aTabernero, Carlos _9887 |
||
| 111 |
_aEncuentro de Investigadores del Franquismo _c(Granada _d2016. _n9º) _9101 |
||
| 245 |
_aNatural sciences, media, heritage and modernization: _bFélix Rodríguez de la Fuente and the wolves _f1960-1980 _c/Carlos Tabernero y Mònica Alcalá Lorente |
||
| 600 | 0 |
_9888 _aRodríguez de la Fuente, Félix |
|
| 650 | 0 |
_9889 _aLobos |
|
| 650 | 0 |
_9890 _aCiencias naturales |
|
| 650 | 0 |
_9443 _aMedio ambiente |
|
| 651 | 0 |
_9150 _aGalicia |
|
| 700 |
_uCentre d’Història de la Ciència (CEHIC), Unitat d’Història de la Medicina, Facultat de Medicina, Universitat Autònoma de Barcelona _aAlcalá Lorente, Mònica _9891 |
||
| 773 |
_tActas del IX Encuentro de Investigadores del Franquismo _g244-251 p. |
||
| 856 | _uhttps://bibliotecaccoocyl.fundacionjesuspereda.es/cgi-bin/koha/opac-retrieve-file.pl?id=aa4485eba338943ca7e6720a2c1ce402 | ||
| 942 |
_2ddc _cCF _n0 |
||
| 999 |
_c535 _d535 |
||